[Event "Roquetas de Mar op 29th"]
[Site "Roquetas de Mar"]
[Date "2018.01.07"]
[Round "9"]
[White "Liu, Guanchu"]
[Black "Garcia Sancho, Josep"]
[Result "1-0"]
[WhiteElo "2457"]
[BlackElo "2244"]
[PlyCount "59"]
[EventDate "2018.01.02"]
[EventType "swiss"]
[EventRounds "9"]
[EventCountry "ESP"]
[SourceTitle "CBM 182 Extra"]
[Source "ChessBase"]
[SourceDate "2018.02.23"]
[SourceVersion "1"]
[SourceVersionDate "2018.02.23"]
[SourceQuality "1"]

1. e4 c5 2. Nc3 g6 3. f4 Bg7 4. Nf3 Nc6 5. Be2 d6 6. 0-0 e6 7. d3 Nge7 8. Qe1 Nd4 9. Bd1 0-0 10. Nxd4 cxd4 11. Ne2 f5 12. Ng3 Bd7 13. b3 Rc8 14. Ba3 Rc6 15. Rf2 Re8 16. Bf3 Ra6 17. Bb2 Qc7 18. exf5 Nxf5 19. Nxf5 gxf5 20. Re2 Qc8 21. a4 Bc6 22. Bh5 Re7 23. Qf2 Ra5 24. Bxd4 Bxg2 25. Kxg2 Bxd4 26. Qxd4 Rg7+ 27. Kh3 Kh8 28. Qf6 Qc5 29. Rxe6 Qc6 30. Rg1 1-0

[Event "Benimodo op U2200 12th"]
[Site "Benimodo"]
[Date "2017.08.20"]
[Round "7"]
[White "Garcia Sancho, Josep"]
[Black "Valentin Pascual, Cesar Emilio"]
[Result "1-0"]
[WhiteElo "2076"]
[BlackElo "2114"]
[PlyCount "53"]
[EventDate "2017.08.18"]
[EventType "swiss"]
[EventRounds "7"]
[EventCountry "ESP"]
[SourceTitle "EXT 2019"]
[Source "ChessBase"]
[SourceDate "2018.10.10"]
[SourceVersion "1"]
[SourceVersionDate "2018.10.10"]
[SourceQuality "1"]

1. c4 Nf6 2. Nc3 d5 3. cxd5 Nxd5 4. e4 Nxc3 5. bxc3 g6 6. d4 Bg7 7. Be3 0-0 8. Bc4 c5 9. Ne2 cxd4 10. cxd4 Qa5+ 11. Bd2 Qh5 12. 0-0 Nc6 13. Bc3 Na5 14. Bd3 Bd7 15. Qd2 Nc6 16. Rab1 b6 17. f4 Rad8 18. d5 Bxc3 19. Qxc3 Na5 20. f5 Rc8 21. Qd4 Qg5 22. Rf4 Rfd8 23. Rbf1 f6 24. h4 Qh6 25. e5 Nc6 26. dxc6 Bxf5 27. Qc4+ 1-0

[Event "Benimodo op U2200 12th"]
[Site "Benimodo"]
[Date "2017.08.18"]
[Round "2"]
[White "Garcia Sancho, Josep"]
[Black "Bertomeu Ginestar, Antoni"]
[Result "1-0"]
[WhiteElo "2076"]
[BlackElo "1815"]
[PlyCount "47"]
[EventDate "2017.08.18"]
[EventType "swiss"]
[EventRounds "7"]
[EventCountry "ESP"]
[SourceTitle "EXT 2019"]
[Source "ChessBase"]
[SourceDate "2018.10.10"]
[SourceVersion "1"]
[SourceVersionDate "2018.10.10"]
[SourceQuality "1"]

1. d4 Nf6 2. Nf3 g6 3. Nc3 Bg7 4. e4 d6 5. Be2 0-0 6. Bg5 Nbd7 7. Qd2 c5 8. d5 a6 9. h4 h5 10. Nh2 b5 11. f3 Nb6 12. Bh6 Bd7 13. g4 hxg4 14. h5 g3 15. Ng4 g2 16. Rg1 Nxh5 17. Rxg2 Bxg4 18. fxg4 Kh7 19. Bxg7 Nxg7 20. Rh2+ Kg8 21. Qh6 f6 22. Qxg6 Qe8 23. Qh7+ Kf7 24. g5 1-0

[Event "Mislata op 50th"]
[Site "Mislata"]
[Date "2016.08.13"]
[Round "8"]
[White "Reig Albero, Ferran"]
[Black "Garcia Sancho, Josep"]
[Result "0-1"]
[WhiteElo "1993"]
[BlackElo "2067"]
[PlyCount "136"]
[EventDate "2016.08.08"]
[EventType "swiss"]
[EventRounds "9"]
[EventCountry "ESP"]
[SourceTitle "EXT 2017"]
[Source "ChessBase"]
[SourceDate "2016.10.25"]
[SourceVersion "1"]
[SourceVersionDate "2016.10.25"]
[SourceQuality "1"]

1. e4 c5 2. Nf3 Nc6 3. d4 cxd4 4. Nxd4 g6 5. Nc3 Bg7 6. Be3 Nf6 7. Nxc6 bxc6 8. e5 Ng8 9. f4 f6 10. e6 dxe6 11. Qf3 Bb7 12. Bc4 Qc8 13. Bc5 f5 14. 0-0-0 Nf6 15. Rhe1 Nd5 16. Nxd5 cxd5 17. Bxd5 Bxd5 18. Rxd5 Bxb2+ 19. Kxb2 Qb7+ 20. Kc1 Qxd5 21. Qxd5 exd5 22. Rxe7+ Kd8 23. Rf7 Kc8 24. Bxa7 Rd8 25. Rxh7 Rd7 26. Rh8+ Kb7 27. Rxa8 Kxa8 28. Bc5 Kb7 29. Kd2 Kc6 30. Bd4 Kb5 31. Kc3 Rc7+ 32. Kb3 Rb7 33. a4+ Ka5+ 34. Ka3 Rc7 35. Kb3 Rc4 36. Bc3+ Kb6 37. Be5 Kc5 38. c3 Re4 39. h3 Re2 40. g4 Rh2 41. gxf5 gxf5 42. Bd4+ Kc6 43. Kb4 Rxh3 44. c4 Rh1 45. cxd5+ Kxd5 46. Be5 Rb1+ 47. Kc3 Rb6 48. Bg7 Rc6+ 49. Kb3 Rc4 50. Be5 Kc5 51. Bd6+ Kd4 52. a5 Rc6 53. Be5+ Kc5 54. Ka4 Kc4 55. Bb2 Rh6 56. Ba3 Rg6 57. Bf8 Rg8 58. Be7 Re8 59. Ba3 Kd5 60. Bb2 Kc6 61. Be5 Rg8 62. Kb4 Rg2 63. Kc4 Ra2 64. Bc3 Re2 65. Be5 Re4+ 66. Kb3 Kb5 67. Bc7 Rb4+ 68. Ka3 Rc4 0-1

[Event "Mislata op 50th"]
[Site "Mislata"]
[Date "2016.08.08"]
[Round "1"]
[White "Garcia Sancho, Josep"]
[Black "Perez Manas, Benjamin"]
[Result "1-0"]
[WhiteElo "2067"]
[BlackElo "2294"]
[PlyCount "68"]
[EventDate "2016.08.08"]
[EventType "swiss"]
[EventRounds "9"]
[EventCountry "ESP"]
[SourceTitle "CBM 173 Extra"]
[Source "ChessBase"]
[SourceDate "2016.08.29"]
[SourceVersion "1"]
[SourceVersionDate "2016.08.29"]
[SourceQuality "1"]

1. d4 f5 2. c4 Nf6 3. Nc3 g6 4. f3 Bg7 5. e4 d6 6. e5 dxe5 7. dxe5 Qxd1+ 8. Kxd1 Nfd7 9. f4 a5 10. Be3 Nf8 11. Nd5 Ne6 12. Nf3 Nc6 13. Ng5 Ncd8 14. Kc2 h6 15. Nf3 Nc6 16. Nh4 Kf7 17. Bd3 Bd7 18. g4 Rac8 19. Nxg6 Rhd8 20. Ngxe7 Nxe7 21. Nxe7 Kxe7 22. gxf5 Nf8 23. f6+ Bxf6 24. exf6+ Kxf6 25. Bd4+ Kf7 26. Rhg1 Ne6 27. Be5 Rg8 28. Bh7 Rxg1 29. Rxg1 c5 30. Be4 Bc6 31. Bd5 Bxd5 32. cxd5 Nd4+ 33. Kd3 Rd8 34. Rg7+ Kf8 1-0

[Event "Benidorm op U2000 14th"]
[Site "Benidorm"]
[Date "2015.12.07"]
[Round "10"]
[White "Blesa Fernandez, Francisco"]
[Black "Garcia Sancho, Josep"]
[Result "1-0"]
[WhiteElo "1997"]
[BlackElo "1886"]
[PlyCount "85"]
[EventDate "2015.11.28"]
[EventType "swiss"]
[EventRounds "10"]
[EventCountry "ESP"]
[SourceTitle "CBM 169 Extra"]
[Source "ChessBase"]
[SourceDate "2015.12.18"]
[SourceVersion "1"]
[SourceVersionDate "2015.12.18"]
[SourceQuality "1"]

1. d4 Nf6 2. c4 e6 3. Nf3 b6 4. g3 Bb7 5. Bg2 Bb4+ 6. Bd2 Be7 7. 0-0 0-0 8. Bf4 d6 9. Qc2 Nbd7 10. Nc3 Nh5 11. Ng5 Bxg5 12. Bxg5 Qxg5 13. Bxb7 Rab8 14. Bc6 Qe7 15. Qa4 Ndf6 16. Qxa7 Ng4 17. Bf3 f5 18. Nb5 Rbc8 19. Qa3 g5 20. e4 Nhf6 21. h3 Nh6 22. e5 Ne4 23. Bxe4 fxe4 24. exd6 cxd6 25. Qxd6 Qf6 26. Nc7 Nf7 27. Qxe6 Qxd4 28. Rad1 Qxb2 29. Rd7 Rcd8 30. Rxd8 Rxd8 31. Nd5 Rd6 32. Qxe4 Qxa2 33. Re1 Qa5 34. Qe8+ Kg7 35. Re7 Qa1+ 36. Kg2 Rf6 37. Nxf6 Qxf6 38. Rxf7+ Qxf7 39. Qxf7+ Kxf7 40. Kf3 Kf6 41. Ke4 Ke6 42. f4 gxf4 43. gxf4 1-0

[Event "Sueca op 1st"]
[Site "Sueca"]
[Date "2015.08.01"]
[Round "7"]
[White "Gomez Sanjuan, Hector Fernando"]
[Black "Garcia Sancho, Josep"]
[Result "1-0"]
[WhiteElo "2032"]
[BlackElo "1855"]
[PlyCount "121"]
[EventDate "2015.07.27"]
[EventType "swiss"]
[EventRounds "8"]
[EventCountry "ESP"]
[SourceTitle "EXT 2016"]
[Source "ChessBase"]
[SourceDate "2015.10.08"]
[SourceVersion "1"]
[SourceVersionDate "2015.10.08"]
[SourceQuality "1"]

1. d4 Nf6 2. c4 g6 3. Nc3 d5 4. cxd5 Nxd5 5. e4 Nxc3 6. bxc3 Bg7 7. Bc4 0-0 8. Ne2 c5 9. 0-0 Nc6 10. Be3 Qc7 11. Rc1 Rd8 12. Bf4 Qa5 13. Qb3 Rf8 14. d5 Ne5 15. Bg5 b5 16. Bxb5 Rb8 17. c4 f6 18. Be3 a6 19. Bxc5 axb5 20. Bxe7 Re8 21. Bd6 Rb7 22. Bxe5 fxe5 23. c5 Bf8 24. Rfd1 Rf7 25. d6 Be6 26. Qe3 Qa7 27. c6 Qxe3 28. fxe3 Ra7 29. d7 Rd8 30. Nc3 b4 31. Nd5 Bxd5 32. exd5 Bd6 33. Rf1 Kg7 34. Rf2 Rc7 35. Rcf1 Bc5 36. Rf7+ Kg8 37. Kh1 Kh8 38. R7f6 Kg7 39. h3 Bxe3 40. Rf7+ Kh6 41. Rf8 Rdxd7 42. cxd7 Rxd7 43. Rb8 Bd2 44. Rd1 Bc3 45. d6 Kg5 46. Rc8 Kf5 47. Rc7 Rd8 48. Rxh7 Ke6 49. Re7+ Kf6 50. Rf1+ Kg5 51. d7 e4 52. Rd1 Kf4 53. Re8 Bf6 54. Rxd8 Bxd8 55. Kg1 Ke3 56. Kf1 g5 57. Rd5 Kf4 58. Ke2 Kg3 59. Re5 Kxg2 60. Rxe4 Kxh3 61. Re8 1-0

[Event "Sueca op 1st"]
[Site "Sueca"]
[Date "2015.07.28"]
[Round "2"]
[White "Garcia Sancho, Josep"]
[Black "Frasquet Solbes, Elias"]
[Result "0-1"]
[WhiteElo "1855"]
[BlackElo "2171"]
[PlyCount "42"]
[EventDate "2015.07.27"]
[EventType "swiss"]
[EventRounds "8"]
[EventCountry "ESP"]
[SourceTitle "EXT 2016"]
[Source "ChessBase"]
[SourceDate "2015.10.08"]
[SourceVersion "1"]
[SourceVersionDate "2015.10.08"]
[SourceQuality "1"]

1. d4 g6 2. Nf3 Bg7 3. g3 c5 4. Bg2 cxd4 5. Nxd4 Nc6 6. Nxc6 bxc6 7. 0-0 Nf6 8. c4 0-0 9. Nc3 Rb8 10. Qc2 Qa5 11. Bf4 d6 12. Bd2 Qh5 13. Rfd1 Bf5 14. e4 Bg4 15. Re1 Nd7 16. Rac1 Ne5 17. b3 Bh3 18. f4 Nf3+ 19. Bxf3 Qxf3 20. Be3 Bxc3 21. Bxa7 Bxe1 0-1

[Event "Benimodo op-B 9th"]
[Site "Benimodo"]
[Date "2014.10.11"]
[Round "5.2"]
[White "Nieto Tornero, Jose"]
[Black "Garcia Sancho, Josep"]
[Result "0-1"]
[WhiteElo "1894"]
[BlackElo "1799"]
[PlyCount "92"]
[EventDate "2014.10.09"]
[EventType "swiss"]
[EventRounds "7"]
[EventCountry "ESP"]
[SourceTitle "EXT 2024"]
[Source "ChessBase"]
[SourceDate "2023.10.10"]
[SourceVersion "1"]
[SourceVersionDate "2023.10.10"]
[SourceQuality "1"]

1. e4 c5 2. Nf3 Nc6 3. d4 cxd4 4. Nxd4 g6 5. Nc3 Bg7 6. Be3 Nf6 7. Be2 0-0 8. 0-0 d5 9. exd5 Nxd5 10. Nxc6 bxc6 11. Bd4 Nxc3 12. bxc3 Be6 13. a4 Qa5 14. Bxg7 Kxg7 15. Qd4+ Kg8 16. Qb4 Qe5 17. Bf3 Qc7 18. Qc5 Rfd8 19. a5 Rab8 20. Rab1 Bf5 21. Rb4 Bxc2 22. Re1 e6 23. h4 Bb3 24. h5 Rxb4 25. cxb4 Bd5 26. h6 Bxf3 27. Qc3 e5 28. Qxf3 Qd6 29. Rc1 Qd2 30. Qxc6 Qxh6 31. Re1 Qd2 32. Qe4 Rb8 33. Rb1 Qc3 34. a6 Qc7 35. g3 Rb6 36. b5 Qb8 37. Qd5 Rxa6 38. Re1 Re6 39. f4 Qb6+ 40. Kg2 exf4 41. Rxe6 Qxe6 42. Qd8+ Kg7 43. Qd4+ Qf6 44. Qd7 fxg3 45. Kxg3 Qe5+ 46. Kf3 Qf5+ 0-1

[Event "Alzira op"]
[Site "Alzira"]
[Date "2014.08.27"]
[Round "9"]
[White "Leon Colan, Carlos Edmundo"]
[Black "Garcia Sancho, Josep"]
[Result "1/2-1/2"]
[WhiteElo "1933"]
[BlackElo "1821"]
[PlyCount "174"]
[EventDate "2014.08.22"]
[EventType "swiss"]
[EventRounds "9"]
[EventCountry "ESP"]
[SourceTitle "EXT 2016"]
[Source "ChessBase"]
[SourceDate "2015.10.08"]
[SourceVersion "1"]
[SourceVersionDate "2015.10.08"]
[SourceQuality "1"]

1. g3 Nf6 2. Bg2 g6 3. d4 d5 4. Nf3 Bg7 5. b3 0-0 6. Bb2 c6 7. 0-0 Nbd7 8. Na3 Re8 9. c4 Ne4 10. cxd5 cxd5 11. Re1 Ndf6 12. Nb5 Rb8 13. Nc3 Nxc3 14. Bxc3 Ne4 15. Bb2 Qa5 16. a3 Be6 17. Qd3 Red8 18. b4 Qb6 19. e3 Rbc8 20. Nd2 Nd6 21. Rac1 h6 22. h3 Nc4 23. Nxc4 dxc4 24. Qe4 Bd5 25. Qc2 Bxg2 26. Kxg2 Qc6+ 27. f3 b5 28. Bc3 e6 29. Rcd1 Qa6 30. Qb2 Rd7 31. Re2 Rcd8 32. Red2 Qb7 33. Qc2 Qa6 34. Qb2 Qb7 35. h4 h5 36. Kf2 Qb6 37. Qc2 a6 38. Qb2 Qa7 39. Qc2 Qb6 40. Qe4 Rd5 41. Kg2 Bh6 42. f4 Qb7 43. Qf3 Bg7 44. e4 R5d7 45. e5 Rd5 46. Kh2 Qe7 47. Kh3 Qb7 48. Qg2 Kf8 49. Kh2 Qa8 50. Qe2 R5d7 51. Qg2 Qxg2+ 52. Kxg2 Ke7 53. Kf3 Rd5 54. Ke4 Kd7 55. Rg1 Rh8 56. Ra2 Rd8 57. a4 Ke8 58. axb5 axb5 59. Ra5 Bf8 60. Rb1 Be7 61. Ra6 R8d7 62. Rb2 Bd8 63. Rba2 Ke7 64. Rc6 Ke8 65. Ra8 Ke7 66. Raa6 Bc7 67. Ra8 Bd8 68. Raa6 Bc7 69. Ra7 Bd8 70. Ra8 Bc7 71. Rc8 Bd8 72. Ra6 Ke8 73. Rc5 Be7 74. Ra8+ Bd8 75. Rb8 Ra7 76. Rbxb5 Ra3 77. Be1 Ra1 78. Bf2 c3 79. Be3 c2 80. Rb8 Rxc5 81. dxc5 c1Q 82. Bxc1 Rxc1 83. Kd4 Kd7 84. b5 Rd1+ 85. Kc4 Rc1+ 86. Kd4 Rd1+ 87. Kc4 Rc1+ 1/2-1/2

[Event "Alzira op"]
[Site "Alzira"]
[Date "2014.08.23"]
[Round "2"]
[White "Garcia Sancho, Josep"]
[Black "Cebrian Flores, Juan Antonio"]
[Result "0-1"]
[WhiteElo "1821"]
[BlackElo "1995"]
[PlyCount "62"]
[EventDate "2014.08.22"]
[EventType "swiss"]
[EventRounds "9"]
[EventCountry "ESP"]
[SourceTitle "EXT 2016"]
[Source "ChessBase"]
[SourceDate "2015.10.08"]
[SourceVersion "1"]
[SourceVersionDate "2015.10.08"]
[SourceQuality "1"]

1. d4 g6 2. c4 Bg7 3. Nf3 d6 4. Nc3 Nf6 5. g3 0-0 6. Bg2 Nbd7 7. 0-0 e5 8. e4 exd4 9. Nxd4 Re8 10. Re1 a6 11. h3 Rb8 12. Be3 Ne5 13. Qe2 c5 14. Nf3 Nxf3+ 15. Qxf3 b5 16. cxb5 axb5 17. Rad1 b4 18. Nb1 Rxe4 19. Nd2 Re6 20. Bg5 h6 21. Rxe6 Bxe6 22. Bf4 g5 23. Be3 Qd7 24. Nb3 Qc7 25. Qc6 Qxc6 26. Bxc6 Bf8 27. h4 gxh4 28. gxh4 Rb6 29. Bf3 Ra6 30. Bf4 Rxa2 31. Na1 Rxb2 0-1

[Event "Alzira Christmas op 3rd"]
[Site "Alzira"]
[Date "2013.12.30"]
[Round "7"]
[White "Vanaclocha Llorens, Jose Lorenzo"]
[Black "Garcia Sancho, Josep"]
[Result "0-1"]
[WhiteElo "1960"]
[BlackElo "1770"]
[PlyCount "62"]
[EventDate "2013.12.27"]
[EventType "swiss"]
[EventRounds "7"]
[EventCountry "ESP"]
[SourceTitle "CBM 158 Extra"]
[Source "ChessBase"]
[SourceDate "2014.02.28"]
[SourceVersion "1"]
[SourceVersionDate "2014.02.28"]
[SourceQuality "1"]

1. e4 c5 2. Nf3 Nc6 3. d4 cxd4 4. Nxd4 g6 5. Nc3 Bg7 6. Be3 Nf6 7. Bc4 0-0 8. Bb3 d6 9. f3 Bd7 10. h4 Nxd4 11. Bxd4 b5 12. Qd2 a5 13. a4 bxa4 14. Nxa4 Qc7 15. g4 Qb7 16. h5 Nxe4 17. Qh2 Ng5 18. 0-0-0 Nxf3 19. Qg2 Bc6 20. Bxg7 Nd4 21. Qh3 Nxb3+ 22. cxb3 Rfc8 23. Bc3 Bxh1 24. hxg6 fxg6 25. Rxh1 e5 26. g5 Re8 27. Rd1 Qxb3 28. Qg4 Rac8 29. Rxd6 Rc4 30. Qd7 Qxa4 31. Qb7 Rxc3+ 0-1

[Event "Mislata op-A 47th"]
[Site "Mislata"]
[Date "2013.08.14"]
[Round "4"]
[White "Garcia Sancho, Josep"]
[Black "Moreno Vicente, Jesus Miguel"]
[Result "1/2-1/2"]
[WhiteElo "1735"]
[BlackElo "1801"]
[PlyCount "152"]
[EventDate "2013.08.12"]
[EventType "swiss"]
[EventRounds "9"]
[EventCountry "ESP"]
[SourceTitle "EXT 2024"]
[Source "ChessBase"]
[SourceDate "2023.10.10"]
[SourceVersion "1"]
[SourceVersionDate "2023.10.10"]
[SourceQuality "1"]

1. d4 Nf6 2. c4 e5 3. dxe5 Ng4 4. Bf4 g5 5. Bg3 Bg7 6. Nf3 Qe7 7. Qd2 Nxe5 8. Bxe5 Bxe5 9. Nxg5 Qf6 10. Ne4 Qg7 11. Nbc3 f5 12. Ng3 Bxc3 13. bxc3 d6 14. Qd4 Qe5 15. e3 Nc6 16. Qxe5+ dxe5 17. Bd3 e4 18. Be2 Ne5 19. 0-0-0 Be6 20. Nxf5 Bxf5 21. Rd5 Nd3+ 22. Bxd3 0-0 23. Be2 Be6 24. Re5 Rxf2 25. Rxe6 Rxe2 26. Rxe4 Rf8 27. Rd1 Rxa2 28. Kb1 Rxg2 29. Re7 Rg7 30. Rdd7 Rxe7 31. Rxe7 Rf7 32. Re8+ Kg7 33. Kc2 Rd7 34. Re6 Kf7 35. Rh6 Kg7 36. Re6 a6 37. h3 Kf7 38. Rh6 Ke8 39. Rf6 Ke7 40. Rh6 Kd8 41. Rf6 c5 42. Rf5 b6 43. Rd5 Kc7 44. e4 a5 45. Rh5 Rg7 46. Rh6 Rd7 47. Rf6 a4 48. Rh6 Re7 49. e5 Kb7 50. e6 Kc6 51. Kb2 b5 52. cxb5+ Kxb5 53. Rf6 Kc4 54. Rf4+ Kd5 55. Rxa4 Rxe6 56. Rh4 h6 57. Kc2 c4 58. Rh5+ Kd6 59. Rh4 Kc5 60. Rh5+ Kc6 61. Rh4 Kb5 62. Rh5+ Ka4 63. Rh4 Rc6 64. Rh5 Rg6 65. Kd2 Rg2+ 66. Ke3 Kb3 67. Rxh6 Kxc3 68. Kf4 Kd2 69. h4 c3 70. h5 c2 71. Rd6+ Ke1 72. Rc6 Kd1 73. Kf5 c1Q 74. Rxc1+ Kxc1 75. h6 Rh2 76. Kg6 Rxh6+ 1/2-1/2

[Event "Mislata op-A 47th"]
[Site "Mislata"]
[Date "2013.08.12"]
[Round "1"]
[White "Sanchez Dengra, Jose Maria"]
[Black "Garcia Sancho, Josep"]
[Result "1-0"]
[WhiteElo "2134"]
[BlackElo "1735"]
[PlyCount "73"]
[EventDate "2013.08.12"]
[EventType "swiss"]
[EventRounds "9"]
[EventCountry "ESP"]
[SourceTitle "EXT 2024"]
[Source "ChessBase"]
[SourceDate "2023.10.10"]
[SourceVersion "1"]
[SourceVersionDate "2023.10.10"]
[SourceQuality "1"]

1. e4 c5 2. Nf3 Nc6 3. d4 cxd4 4. Nxd4 g6 5. Nc3 Bg7 6. Be3 Nf6 7. Bc4 0-0 8. Bb3 d6 9. f3 Bd7 10. Qd2 Nxd4 11. Bxd4 b5 12. h4 a5 13. a4 b4 14. Nd5 Nxd5 15. Bxg7 Kxg7 16. exd5 h6 17. Qd4+ Kh7 18. 0-0 Qc7 19. Rfe1 Rfe8 20. Re2 Qa7 21. Qxa7 Rxa7 22. Rae1 Bf5 23. g4 Bc8 24. Bc4 Rc7 25. Bb5 Rf8 26. Rxe7 Rxc2 27. R1e2 Rc1+ 28. Kg2 Kg7 29. Ra7 Rd8 30. Be8 Rc5 31. Bxf7 Rd7 32. Re7 Rxe7 33. Rxe7 Kf6 34. Ra7 Rc2+ 35. Kg3 Rxb2 36. Be8 Re2 37. Rf7+ 1-0